00315nam a2200121Ia 4500008004100000020002200041041000800063082002200071100001200093245004200105260003700147300000900184230519s9999 xx 000 0 und d a978-93-5465-453-4 aeng aEN/420/BAN/DB0943 aBandana aCommunicative English for BSc Nursing bJaypee BrothersaNew Delhic2022 a176p